|
|
|
|
| LEADER |
00000nas a2200000 i 4500 |
| 001 |
ssj0001073601 |
| 003 |
WaSeSS |
| 005 |
20200512172242.0 |
| 006 |
m d |
| 007 |
cr n |
| 008 |
131221c20uu9999xv q| p|s|||||| |0slv d |
| 035 |
|
|
|a (WaSeSS)ssj0001073601
|
| 040 |
|
|
|a WaSeSS
|b eng
|c WaSeSS
|d WaSeSS
|
| 050 |
1 |
4 |
|a QP86
|
| 245 |
0 |
0 |
|a Kakovostna starost
|h [electronic resource].
|
| 260 |
|
|
|a Ljubljana, Slovenia :
|b Institut Antona Trstenjaka
|
| 310 |
|
|
|a Quarterly
|
| 506 |
|
|
|a License restrictions may limit access.
|
| 588 |
|
|
|a Description based on: Letnik 16, Številka 3 (September 2013); title from article pdf (ProQuest, viewed Dec. 20, 2013).
|
| 588 |
|
|
|a Latest issue consulted: Letnik 15, Številka 1 (Marec 2012) (viewed Dec. 20, 2013).
|
| 650 |
|
0 |
|a Aging
|v Periodicals.
|
| 655 |
|
0 |
|a Electronic journals.
|
| 776 |
0 |
8 |
|i Print version:
|t Kakovostna starost
|x 1408-869X
|
| 856 |
4 |
0 |
|z Full text available from Research Library: 01/01/2012 to present
|u https://search.proquest.com/publication/1436344
|